000 00837cam a22002651 4500
001 5988
003 FISKH
005 20250218121658.0
008 850819s1967 nyu j 000 1 eng
010 _a 67013606
020 _a9780140385724
_c$16.00
040 _aDLC
_cDLC
_dDLC
_beng
050 _aPZ7.H5976
082 _a813.54
100 1 _aHinton, S. E.
245 1 4 _aThe outsiders,
_cby S. E. Hinton.
260 _aNew York,
_bPenguin,
_c1967.
300 _a180, 24 pages :
_c19 cm
520 _aThe struggle of three brothers to stay together after their parent's death and their quest for identity among the conflicting values of their adolescent society.
650 1 _aFamily life
_xFiction.
650 1 _aGangs
_xFiction.
906 _a7
_bcbc
_corignew
_du
_eocip
_f19
_gy-gencatlg
942 _2ddc
_cBK
_n0
999 _c5988
_d5988